UBT Library

America (the book) : (Record no. 44861)

000 -LEADER
fixed length control field 01138cam a2200289 a 4500
001 - CONTROL NUMBER
control field 13633164
005 - DATE AND TIME OF LATEST TRANSACTION
control field 20180313053712.0
008 - FIXED-LENGTH DATA ELEMENTS--GENERAL INFORMATION
fixed length control field 040622s2004 nyuab 000 0 eng c
010 ## - LIBRARY OF CONGRESS CONTROL NUMBER
LC control number 2004109358
020 ## - INTERNATIONAL STANDARD BOOK NUMBER
International Standard Book Number 0446532681
035 ## - SYSTEM CONTROL NUMBER
System control number (OCoLC)ocm56479080
040 ## - CATALOGING SOURCE
Original cataloging agency MiD
Transcribing agency MiD
Modifying agency OMarion
-- OCoLC
-- ViNSC
-- DLC
041 ## - LANGUAGE CODE
Language code of text/sound track or separate title eng
042 ## - AUTHENTICATION CODE
Authentication code pcc
043 ## - GEOGRAPHIC AREA CODE
Geographic area code n-us---
080 ## - UNIVERSAL DECIMAL CLASSIFICATION NUMBER
Universal Decimal Classification number 818.5407 jon
082 00 - DEWEY DECIMAL CLASSIFICATION NUMBER
Classification number 818.5407 jon
Edition number 22
100 1# - Rafti
Rafti 16
101 ## - Shkurtesa
Shkurtesa his
245 10 - TITLE STATEMENT
Title America (the book) :
Statement of responsibility, etc written and edited by Jon Stewart, Ben Karlin, David Javerbaum ; writers, Rich Blomquist ... [et al.] ; additional material, Samantha Bee ... [et al.] ; with a foreword by Thomas Jefferson.
246 3# - VARYING FORM OF TITLE
Title proper/short title America
246 30 - VARYING FORM OF TITLE
Title proper/short title Citizen's guide to democracy inaction
246 14 - VARYING FORM OF TITLE
Title proper/short title Daily show with Jon Stewart presents America (the book)
906 ## - LOCAL DATA ELEMENT F, LDF (RLIN)
a 7
b cbc
c pccadap
d 1
e epcn
f 20
g y-gencatlg
942 ## - ADDED ENTRY ELEMENTS (KOHA)
Source of classification or shelving scheme
Item type Books
Holdings
Withdrawn status Lost status Source of classification or shelving scheme Damaged status Not for loan Collection code Permanent location Current location Shelving location Date acquired Total Checkouts Full call number Barcode Date last seen Price effective from Koha item type
          Koleksioni i përgjithshem UBT - Lipjan UBT - Lipjan Koleksioni i përgjithshem 03/13/2018   818.5407 jon 002-3002063 03/13/2018 03/13/2018 Books
UBT Library © 2015-2024. All rights reserved University Education for Business and Technology